[Event "St Petersburg op"]
[Site "St Petersburg"]
[Date "2003.??.??"]
[Round "8"]
[White "Grishanovich, Stanislav"]
[Black "Molchanova, Tatjana"]
[Result "0-1"]
[WhiteElo "2322"]
[BlackElo "2273"]
[PlyCount "82"]
[EventDate "2003.??.??"]
[EventType "swiss"]
[EventRounds "9"]
[EventCountry "RUS"]
[SourceTitle "EXT 2005"]
[Source "ChessBase"]
[SourceDate "2004.11.15"]
[SourceVersion "1"]
[SourceVersionDate "2004.11.15"]
[SourceQuality "1"]

1. e4 c6 2. d4 d5 3. e5 Bf5 4. Nc3 e6 5. g4 Bg6 6. Nge2 Qh4 7. Nf4 Bb4 8. Nxg6 hxg6 9. Bf4 Nd7 10. Rg1 Bxc3+ 11. bxc3 Qd8 12. Qd2 Qa5 13. c4 Qxd2+ 14. Kxd2 dxc4 15. Bxc4 Nb6 16. Be2 0-0-0 17. c3 c5 18. Kd3 Ne7 19. Bf3 Nbd5 20. Bg3 Nc6 21. Rgc1 Kb8 22. Rab1 Nb6 23. a4 Kc7 24. Bxc6 Kxc6 25. a5 c4+ 26. Ke4 Nd5 27. f4 b5 28. h4 Rb8 29. Rc2 Rhc8 30. Be1 Rc7 31. Bd2 b4 32. cxb4 c3 33. b5+ Rxb5 34. Rbc1 Kd7 35. Bxc3 Rb3 36. Bd2 f5+ 37. exf6 Nxf6+ 38. Ke5 Nxg4+ 39. Ke4 Nf2+ 40. Ke5 Nd3+ 41. Ke4 Nxc1 0-1

[Event "St Petersburg op"]
[Site "St Petersburg"]
[Date "2003.??.??"]
[Round "7"]
[White "Grishanovich, Stanislav"]
[Black "Shaposhnikov, Evgeny"]
[Result "1/2-1/2"]
[WhiteElo "2322"]
[BlackElo "2554"]
[PlyCount "75"]
[EventDate "2003.??.??"]
[EventType "swiss"]
[EventRounds "9"]
[EventCountry "RUS"]
[SourceTitle "EXT 2005"]
[Source "ChessBase"]
[SourceDate "2004.11.15"]
[SourceVersion "1"]
[SourceVersionDate "2004.11.15"]
[SourceQuality "1"]

1. e4 c6 2. d4 d5 3. e5 Bf5 4. Nc3 a6 5. g4 Bd7 6. Be3 e6 7. Nf3 Qc7 8. Qd2 b6 9. Ne2 c5 10. Bg2 Nc6 11. 0-0 h5 12. g5 cxd4 13. Nexd4 Nge7 14. Rfc1 Nxd4 15. Nxd4 Rc8 16. f4 Ng6 17. Bf1 Qb7 18. c3 Bc5 19. a4 Ne7 20. Bd3 g6 21. Qe2 b5 22. axb5 Bxd4 23. Bxd4 Bxb5 24. Bxb5+ Qxb5 25. Qxb5+ axb5 26. b4 Nc6 27. Bc5 Kd7 28. Ra6 Rc7 29. Rca1 Rb7 30. Kf2 Rc8 31. Ke3 Rbb8 32. Kd3 Rb7 33. Bd6 Nd8 34. Ra7 Rc4 35. Rxb7+ Nxb7 36. Ra7 Kc6 37. Ra6+ Kd7 38. Ra7 1/2-1/2

[Event "Chigorin Memorial 09th"]
[Site "St Petersburg"]
[Date "2001.10.30"]
[Round "5"]
[White "Dobrov, Vladimir"]
[Black "Grishanovich, Stanislav"]
[Result "1-0"]
[WhiteElo "2436"]
[BlackElo "2319"]
[PlyCount "99"]
[EventDate "2001.10.26"]
[EventType "swiss"]
[EventRounds "9"]
[EventCountry "RUS"]
[SourceTitle "EXT 2002"]
[Source "ChessBase"]
[SourceDate "2001.11.25"]
[SourceVersion "1"]
[SourceVersionDate "2001.11.25"]
[SourceQuality "1"]

1. d4 e6 2. c4 Bb4+ 3. Bd2 Qe7 4. Nf3 Nf6 5. g3 b6 6. Bg2 Bb7 7. 0-0 Bxd2 8. Qxd2 d6 9. Nc3 Nbd7 10. d5 e5 11. e4 Nc5 12. Nh4 Bc8 13. b4 Nb7 14. a3 0-0 15. Rae1 Bd7 16. Bf3 a6 17. Bd1 Bh3 18. Ng2 Nd7 19. Bc2 f6 20. f4 g6 21. Ba4 Rae8 22. f5 g5 23. Rc1 Ra8 24. Qe2 Qf7 25. Bc6 Ra7 26. Rf2 Bxg2 27. Rxg2 Nb8 28. Ba4 Kg7 29. h4 h6 30. Kf2 Rh8 31. Rh1 Nd8 32. Rgh2 c5 33. dxc6 Ndxc6 34. Bxc6 Nxc6 35. hxg5 fxg5 36. Nd5 Qf8 37. Qh5 Qf7 38. Qxg5+ hxg5 39. Rxh8 Qg8 40. Rxg8+ Kxg8 41. Rh6 b5 42. Rxd6 Nd4 43. c5 a5 44. c6 axb4 45. Rd8+ Kf7 46. Rd7+ Rxd7 47. cxd7 Nc6 48. Nxb4 Nd8 49. Nd5 g4 50. Ke2 1-0

[Event "Chigorin Memorial 08th"]
[Site "St Petersburg"]
[Date "2000.11.08"]
[Round "7"]
[White "Maiorov, Nikita"]
[Black "Grishanovich, Stanislav"]
[Result "0-1"]
[WhiteElo "2211"]
[BlackElo "2310"]
[PlyCount "82"]
[EventDate "2000.10.31"]
[EventType "swiss"]
[EventRounds "9"]
[EventCountry "RUS"]
[SourceTitle "EXT 2001"]
[Source "ChessBase"]
[SourceDate "2000.11.22"]
[SourceVersion "1"]
[SourceVersionDate "2000.11.22"]
[SourceQuality "1"]

1. c4 e5 2. Nc3 Nc6 3. Nf3 d6 4. d4 Bg4 5. d5 Nce7 6. e4 g6 7. Be2 Bg7 8. 0-0 Nf6 9. Be3 Nd7 10. Ne1 Bxe2 11. Qxe2 0-0 12. Nd3 b6 13. b4 a5 14. a3 f5 15. f3 fxe4 16. fxe4 Rxf1+ 17. Rxf1 axb4 18. axb4 h6 19. Qg4 Kh7 20. Nb5 Nf6 21. Qh4 Neg8 22. Nf2 Qd7 23. Nh3 Nh5 24. Nf2 c6 25. dxc6 Qxc6 26. Rc1 Ngf6 27. Qh3 Ra4 28. Bd2 Bf8 29. Qf3 Ra2 30. Be3 Be7 31. Nc3 Ra3 32. Nd5 Nxd5 33. Qf7+ Ng7 34. exd5 Qc8 35. Bxb6 Bg5 36. Rf1 Qxc4 37. b5 Qxb5 38. Ba7 Qa6 39. Bb8 Ra1 40. Ng4 Rxf1+ 41. Qxf1 Qb6+ 0-1

[Event "Chigorin Memorial 08th"]
[Site "St Petersburg"]
[Date "2000.11.05"]
[Round "5"]
[White "Vlasov, Egor"]
[Black "Grishanovich, Stanislav"]
[Result "0-1"]
[WhiteElo "2206"]
[BlackElo "2310"]
[PlyCount "102"]
[EventDate "2000.10.31"]
[EventType "swiss"]
[EventRounds "9"]
[EventCountry "RUS"]
[SourceTitle "EXT 2001"]
[Source "ChessBase"]
[SourceDate "2000.11.22"]
[SourceVersion "1"]
[SourceVersionDate "2000.11.22"]
[SourceQuality "1"]

1. e4 e6 2. d4 d5 3. Nd2 Nf6 4. e5 Nfd7 5. Bd3 c5 6. c3 Nc6 7. Ne2 cxd4 8. cxd4 f6 9. Nf4 Nxd4 10. Qh5+ Ke7 11. Ng6+ hxg6 12. exf6+ Nxf6 13. Qxh8 Kf7 14. f4 Qb6 15. 0-0 Bd7 16. Kh1 Bb5 17. Qh3 Bc5 18. Nf3 Nxf3 19. Qxf3 Bxd3 20. Qxd3 Ne4 21. Qf3 Rc8 22. g4 Bd4 23. f5 gxf5 24. gxf5 e5 25. f6 gxf6 26. Qh5+ Ke7 27. Qh7+ Kd6 28. Bg5 Rf8 29. Qg7 Qd8 30. Bh4 Qe7 31. Qg4 Qh7 32. Be1 Rg8 33. Qe2 Ke6 34. Rd1 Qg6 35. Bh4 Qg4 36. Qxg4+ Rxg4 37. Be1 Be3 38. h3 Rg7 39. Rf3 d4 40. h4 f5 41. Kh2 f4 42. Bb4 Nf2 43. Rf1 Ng4+ 44. Kh3 Kf5 45. Bd6 Rg6 46. Bb8 d3 47. h5 Rg5 48. Kh4 d2 49. Bxe5 Nf2 50. h6 Kg6 51. Bxf4 Rg4# 0-1

[Event "Chigorin Memorial 08th"]
[Site "St Petersburg"]
[Date "2000.11.04"]
[Round "4"]
[White "Grishanovich, Stanislav"]
[Black "Gaponenko, Inna"]
[Result "1-0"]
[WhiteElo "2310"]
[BlackElo "2375"]
[PlyCount "79"]
[EventDate "2000.10.31"]
[EventType "swiss"]
[EventRounds "9"]
[EventCountry "RUS"]
[SourceTitle "EXT 2001"]
[Source "ChessBase"]
[SourceDate "2000.11.22"]
[SourceVersion "1"]
[SourceVersionDate "2000.11.22"]
[SourceQuality "1"]

1. e4 c5 2. g3 Nc6 3. Bg2 g6 4. Nc3 Bg7 5. d3 Nf6 6. f4 d6 7. Nf3 0-0 8. 0-0 Rb8 9. h3 Nd7 10. Nd5 b5 11. h4 Nb6 12. Ne3 e6 13. h5 b4 14. g4 d5 15. e5 d4 16. Nc4 Nxc4 17. dxc4 Ne7 18. Ng5 gxh5 19. Qd3 Ng6 20. gxh5 h6 21. Nxf7 Rxf7 22. Qxg6 Bb7 23. Bh3 Bc8 24. Rf3 Qh4 25. Bd2 Rbb7 26. Kh2 Rf5 27. Kg2 Rff7 28. Rg1 Qe7 29. Kf1 Kh8 30. Ke2 Qe8 31. Rfg3 Rf8 32. Qg4 Rf5 33. Bg2 Re7 34. Be4 Rxh5 35. Ke1 Rh2 36. Qxg7+ Rxg7 37. Rxg7 Re2+ 38. Kxe2 Qh5+ 39. Ke1 Qh4+ 40. Kd1 1-0

[Event "St Petersburg White Nights op"]
[Site "St Petersburg"]
[Date "1999.??.??"]
[Round "3"]
[White "Grishanovich, Stanislav"]
[Black "Marinin, Viktor"]
[Result "1/2-1/2"]
[WhiteElo "2314"]
[BlackElo "2178"]
[PlyCount "107"]
[EventDate "1999.06.??"]
[EventType "swiss"]
[EventRounds "9"]
[EventCountry "RUS"]
[SourceTitle "EXT 2000"]
[Source "ChessBase"]
[SourceDate "1999.11.16"]
[SourceVersion "1"]
[SourceVersionDate "1999.11.16"]
[SourceQuality "1"]

1. e4 d5 2. exd5 Nf6 3. d4 Bg4 4. Nf3 Qxd5 5. Be2 Nc6 6. h3 Bh5 7. c4 Qd7 8. Be3 e6 9. Nc3 Be7 10. g4 Bg6 11. Qb3 0-0 12. 0-0-0 Na5 13. Qb5 Qxb5 14. Nxb5 a6 15. Nc3 Nc6 16. Ne5 Nxe5 17. dxe5 Ne4 18. Nxe4 Bxe4 19. f3 Bc6 20. h4 Rfd8 21. Rxd8+ Rxd8 22. h5 Kf8 23. Kc2 Kg8 24. Rf1 g6 25. Kc3 a5 26. a3 b6 27. Bd3 b5 28. Be2 b4+ 29. axb4 axb4+ 30. Kc2 Ra8 31. Bd3 Ra5 32. f4 Kg7 33. f5 Bc5 34. Bg5 Bd4 35. fxg6 fxg6 36. hxg6 hxg6 37. Rf6 Rxe5 38. Rxg6+ Kf7 39. Bh6 Re2+ 40. Bxe2 Kxg6 41. Bc1 Be4+ 42. Kb3 c5 43. Ka4 Kf6 44. Kb5 e5 45. Bd1 Bg2 46. b3 e4 47. Bf4 Bf3 48. Bc2 e3 49. g5+ Ke6 50. Bg3 e2 51. g6 Kf6 52. Bd3 Bc3 53. Bxe2 Bxe2 54. Bd6 1/2-1/2

[Event "St Petersburg White Nights op"]
[Site "St Petersburg"]
[Date "1999.??.??"]
[Round "2"]
[White "Monin, Nikolay"]
[Black "Grishanovich, Stanislav"]
[Result "1-0"]
[WhiteElo "2373"]
[BlackElo "2314"]
[PlyCount "65"]
[EventDate "1999.06.??"]
[EventType "swiss"]
[EventRounds "9"]
[EventCountry "RUS"]
[SourceTitle "EXT 2000"]
[Source "ChessBase"]
[SourceDate "1999.11.16"]
[SourceVersion "1"]
[SourceVersionDate "1999.11.16"]
[SourceQuality "1"]

1. e4 e6 2. d4 d5 3. e5 c5 4. Nf3 Nc6 5. Bd3 Nxd4 6. Nxd4 cxd4 7. 0-0 Ne7 8. Nd2 Bd7 9. Nf3 Qb6 10. Qe2 h6 11. a3 a5 12. Bd2 Nc6 13. b4 axb4 14. axb4 Rxa1 15. Rxa1 Bxb4 16. Bb5 Bxd2 17. Bxc6 Bxc6 18. Ra8+ Kd7 19. Rxh8 Qb1+ 20. Qf1 Qxf1+ 21. Kxf1 Bb5+ 22. Kg1 Bc3 23. Rh7 Ba4 24. Rxg7 Ke7 25. Nxd4 Bxd4 26. Rg4 Bxf2+ 27. Kxf2 Bxc2 28. Rb4 Kf8 29. Ke3 h5 30. Kf4 Kg7 31. Kg5 Be4 32. Kxh5 Bxg2 33. Rg4+ 1-0

[Event "St Petersburg White Nights op"]
[Site "St Petersburg"]
[Date "1998.06.24"]
[Round "5"]
[White "Grishanovich, Stanislav"]
[Black "Zaitsev, Vadim"]
[Result "0-1"]
[WhiteElo "2295"]
[BlackElo "2425"]
[PlyCount "90"]
[EventDate "1998.06.??"]
[EventType "swiss"]
[EventRounds "9"]
[EventCountry "RUS"]
[SourceTitle "EXT 1999"]
[Source "ChessBase"]
[SourceDate "1998.11.16"]
[SourceVersion "1"]
[SourceVersionDate "1998.11.16"]
[SourceQuality "1"]

1. e4 d5 2. exd5 Qxd5 3. Nc3 Qd6 4. g3 Nf6 5. Bg2 Nc6 6. d3 e5 7. h3 Be7 8. Nf3 0-0 9. 0-0 Bf5 10. g4 Bg6 11. Nh4 Rad8 12. Nxg6 hxg6 13. Be3 Nd4 14. Qd2 c6 15. Rad1 Rfe8 16. Kh1 Ne6 17. Ne4 Qc7 18. Nxf6+ Bxf6 19. a4 Qe7 20. Rde1 Bh4 21. Bxa7 Ra8 22. Bb6 Bg5 23. Be3 Bf4 24. b3 Qh4 25. Bxf4 exf4 26. f3 Ng5 27. Rxe8+ Rxe8 28. Qxf4 Re2 29. Qh2 Ne6 30. f4 f5 31. c3 Re3 32. Rf3 Rxf3 33. Bxf3 Qe1+ 34. Qg1 Qxc3 35. Qe3 Qxb3 36. Kg2 Kf7 37. gxf5 gxf5 38. Kg3 Qxa4 39. Qe5 g6 40. h4 Qd4 41. h5 Qxe5 42. hxg6+ Kxg6 43. fxe5 Nd4 44. Bd1 Kg5 45. Kh3 Kf4 0-1

[Event "St Petersburg-ch"]
[Site "St Petersburg"]
[Date "1997.03.08"]
[Round "4"]
[White "Lukin, Andrei M"]
[Black "Grishanovich, Stanislav"]
[Result "1/2-1/2"]
[WhiteElo "2480"]
[BlackElo "2335"]
[PlyCount "70"]
[EventDate "1997.03.04"]
[EventType "swiss"]
[EventRounds "9"]
[EventCountry "RUS"]
[SourceTitle "CBM 058"]
[Source "ChessBase"]
[SourceDate "1997.06.01"]
[SourceVersion "1"]
[SourceVersionDate "1997.06.01"]
[SourceQuality "1"]

1. e4 c5 2. Nf3 d6 3. d4 cxd4 4. Nxd4 Nf6 5. Nc3 Nc6 6. Bc4 e6 7. Be3 a6 8. Bb3 Qc7 9. f4 Be7 10. 0-0 0-0 11. Qf3 Nxd4 12. Bxd4 e5 13. Be3 Be6 14. f5 Bxb3 15. axb3 b5 16. Bg5 b4 17. Bxf6 Bxf6 18. Nd5 Qxc2 19. Rf2 Qc5 20. Qg4 Kh8 21. Raf1 Rac8 22. h3 Qd4 23. Kh2 Rg8 24. Rf3 Qd2 25. Rg3 Qh6 26. Qe2 a5 27. Qa6 Rc2 28. Qxa5 Bg5 29. Qxb4 Rxb2 30. Qc3 Re2 31. Qd3 Rd2 32. Qc3 Rxd5 33. exd5 Bf4 34. Rxf4 Qxf4 35. Qf3 Qxf3 1/2-1/2

[Event "St Petersburg-ch"]
[Site "St Petersburg"]
[Date "1997.03.04"]
[Round "1"]
[White "Grishanovich, Stanislav"]
[Black "Yemelin, Vasily"]
[Result "1-0"]
[WhiteElo "2335"]
[BlackElo "2500"]
[PlyCount "57"]
[EventDate "1997.03.04"]
[EventType "swiss"]
[EventRounds "9"]
[EventCountry "RUS"]
[SourceTitle "CBM 058"]
[Source "ChessBase"]
[SourceDate "1997.06.01"]
[SourceVersion "1"]
[SourceVersionDate "1997.06.01"]
[SourceQuality "1"]

1. e4 c5 2. g3 d5 3. Bg2 dxe4 4. Nc3 f5 5. d3 exd3 6. Bf4 Nc6 7. Qxd3 Qxd3 8. cxd3 Bd7 9. Nf3 Nh6 10. 0-0-0 Ng4 11. Rd2 e5 12. Nxe5 Ngxe5 13. Bxe5 Nxe5 14. Re1 0-0-0 15. Rxe5 Bd6 16. Re1 Rde8 17. Red1 b5 18. b3 a6 19. d4 Be6 20. dxc5 Bxc5 21. Rc2 Ba3+ 22. Kb1 Kb8 23. Bd5 Bxd5 24. Nxd5 Rc8 25. b4 Rhd8 26. Rd3 a5 27. Rxc8+ Kxc8 28. Ne7+ Kc7 29. Rxa3 1-0

[Event "St Petersburg-ch"]
[Site "St Petersburg"]
[Date "1997.??.??"]
[Round "2"]
[White "Sakaev, Konstantin"]
[Black "Grishanovich, Stanislav"]
[Result "1-0"]
[WhiteElo "2580"]
[BlackElo "2335"]
[PlyCount "81"]
[EventDate "1997.03.04"]
[EventType "swiss"]
[EventRounds "9"]
[EventCountry "RUS"]
[SourceTitle "CBM 058"]
[Source "ChessBase"]
[SourceDate "1997.06.01"]
[SourceVersion "1"]
[SourceVersionDate "1997.06.01"]
[SourceQuality "1"]

1. d4 Nf6 2. c4 e6 3. Nc3 d5 4. cxd5 exd5 5. Bg5 Nbd7 6. e3 Be7 7. Bd3 h6 8. Bh4 b6 9. Nge2 Bb7 10. f3 Nf8 11. 0-0 Ne6 12. b4 0-0 13. Rb1 Qd7 14. b5 a6 15. a4 axb5 16. axb5 Ne4 17. Be1 Nxc3 18. Bxc3 Bf6 19. Bc2 Rfe8 20. Qd3 Nf8 21. Ng3 c5 22. Nh5 Bg5 23. Rfe1 c4 24. Qd2 Ra2 25. Bh7+ Kxh7 26. Qxa2 Rxe3 27. Qc2+ Kg8 28. Rxe3 Bxe3+ 29. Kh1 Ne6 30. Qf5 Bc8 31. Qe5 Bg5 32. f4 f6 33. Qb8 Bh4 34. Qxb6 Nf8 35. Ra1 Qf5 36. Qd8 Qxh5 37. Qxc8 Bg3 38. h3 Bxf4 39. Bb4 Qg6 40. Qxf8+ Kh7 41. Bd6 1-0